000 00507nam a2200181Ia 4500
008 090123s9999 xx 000 0 und d
082 _b19262
100 _aमेहता शशिकला
245 _aतुळसा
250 _a1
260 _bदिलिपराज प्रकाशन
_c1991
300 _a207
600 _aमेहता शशिकला
630 _aतुळसा
700 _aमेहता शशिकला
730 _aतुळसा
942 _cBOOK
999 _c57328
_d57328